000 00524nam a22001697a 4500
003 0
005 20230620080250.0
008 230620b xxu||||| |||| 00| 0 eng d
020 _a978-971-990-048-1
082 _aFil. 582.13
_b.Wh593 2013
245 _aFlowers = Mga bulaklak
_cWhitehouse, Patricia
260 _aQuezon City
_bC&E Publishing, Inc.
_cc2013
300 _a26pp.
_bcol. ill.
_c19cm.
500 _aFlowers-Juvenile literature.
504 _aIncludes bibliographical references and index.
942 _2ddc
_cBK
999 _c365037
_d365037